000 00257nam a2200097Ia 4500
008 120527s9999 xx 000 0 und d
100 _aANCONA, M.G
245 _aComputational methods for applied science and engineering
260 _bRinto Press
942 _cBK
999 _c25206
_d25206